000 00529nam a22001937a 4500
003 koha_MIRAKIL
005 20231213100220.0
008 231213b |||||||| |||| 00| 0 ||| d
020 _b978-6-05-370086-9
040 _aTR-IsEVY
_btur
_cTR-IsEVY
082 _aFIC GÜR/C
100 _aGürer, Nur Şafak.
245 0 _aCandan biz ayrılamayız
260 _bNar Yayınları,
_c2011
300 _a77 s.
650 _aChildren's literature -- Short stories.
650 _aÇocuk edebiyatı -- Hikayeler.
942 _2ddc
_cBK
999 _c16400
_d16400